[Event "LSS No Engine Cup 06 Preliminary 5"]
[Site "LSS email"]
[Date "2009.09.07"]
[Round "?"]
[White "Caillet, Serge"]
[Black "Lanier, Jeff"]
[Result "1-0"]
[WhiteElo "2028"]
[BlackElo "827"]
[PlyCount "33"]
[EventDate "2009.09.08"]
[EventType "tourn (corr)"]
[EventRounds "6"]
[EventCountry "GER"]
[SourceTitle "Corr 2015"]
[Source "ChessBase"]
[SourceDate "2015.07.17"]
[SourceVersion "1"]
[SourceVersionDate "2015.07.17"]
[SourceQuality "1"]

1. e4 e5 2. f4 d6 3. Nf3 Nc6 4. Nc3 Bg4 5. Bb5 Bxf3 6. Qxf3 a6 7. Bxc6+ bxc6 8. 0-0 Be7 9. fxe5 f6 10. d4 dxe5 11. dxe5 Qd4+ 12. Kh1 Qxe5 13. Bf4 Qe6 14. Rad1 Bd6 15. e5 Ne7 16. exd6 Nd5 17. Rfe1 1-0

[Event "LSS No Engine Cup Gr06 prel 05 email"]
[Site "LSS email"]
[Date "2009.09.07"]
[Round "?"]
[White "Lanier, Jeff"]
[Black "Bester, Kazimierz"]
[Result "1-0"]
[WhiteElo "831"]
[BlackElo "652"]
[PlyCount "103"]
[EventDate "2009.09.08"]
[EventType "tourn (corr)"]
[EventRounds "6"]
[EventCountry "GER"]
[SourceTitle "Telechess CBM 137"]
[Source "ChessBase"]
[SourceDate "2010.07.15"]
[SourceVersion "1"]
[SourceVersionDate "2010.07.15"]
[SourceQuality "1"]

1. e4 c5 2. Nc3 Nc6 3. Nf3 g6 4. g3 Bg7 5. Bg2 d6 6. 0-0 Nf6 7. d3 0-0 8. Be3 Ng4 9. Bd2 e6 10. Bg5 f6 11. Bd2 Rb8 12. h3 Nge5 13. Nxe5 Nxe5 14. Be3 b5 15. a3 a5 16. f4 Nf7 17. Ne2 Ba6 18. b4 c4 19. d4 a4 20. c3 f5 21. exf5 exf5 22. g4 fxg4 23. hxg4 Bc8 24. Ng3 Nh6 25. Ra2 Nxg4 26. Bd5+ Kh8 27. Bc1 Qh4 28. Qe1 Qh2+ 29. Rxh2 Nxh2 30. Kxh2 Bf5 31. Nxf5 Rxf5 32. Bc6 Rh5+ 33. Kg3 Bf6 34. Qe6 Bh4+ 35. Kg4 Rh6 36. Qxd6 Rd8 37. Qe5+ Kg8 38. Qxb5 Bf6 39. Qxc4+ Kg7 40. Bxa4 Rh4+ 41. Kg3 h5 42. Qc7+ Kh8 43. Rg1 Rg4+ 44. Kf2 Bh4+ 45. Kf1 Rxg1+ 46. Kxg1 Rg8 47. Bb3 Rg7 48. Qe5 Kh7 49. Bc2 Bg3 50. Qxh5+ Kg8 51. Bb3+ Kf8 52. Qh8+ 1-0

[Event "LSS SN-2009-0-00178"]
[Site "LSS email"]
[Date "2009.08.23"]
[Round "?"]
[White "Vontina, Maria"]
[Black "Lanier, Jeff"]
[Result "0-1"]
[WhiteElo "613"]
[BlackElo "831"]
[PlyCount "70"]
[EventDate "2009.08.08"]
[EventType "tourn (corr)"]
[EventRounds "6"]
[EventCountry "GER"]
[SourceTitle "Corr 2011"]
[Source "ChessBase"]
[SourceDate "2010.08.31"]
[SourceVersion "1"]
[SourceVersionDate "2010.08.31"]
[SourceQuality "1"]

1. d4 d5 2. c4 c6 3. Nc3 h6 4. Nf3 Nf6 5. Bf4 e6 6. e3 Nh5 7. Bg3 Nxg3 8. hxg3 Bb4 9. Qb3 Qa5 10. Bd3 Bxc3+ 11. bxc3 0-0 12. 0-0 Nd7 13. c5 Qc7 14. a4 b6 15. cxb6 axb6 16. c4 Ba6 17. cxd5 exd5 18. Bxa6 Rxa6 19. Rfc1 Qd6 20. Qc3 Rc8 21. Qb3 Nf6 22. Ne5 Ne4 23. Nd3 c5 24. dxc5 bxc5 25. Qd1 Qf6 26. Qe2 Nc3 27. Qe1 Nxa4 28. Nxc5 Nxc5 29. Rxa6 Qxa6 30. Qb4 Nd3 31. Rxc8+ Qxc8 32. Qd4 Qc1+ 33. Kh2 Nxf2 34. g4 Qd1 35. Qe5 Nxg4+ 0-1

[Event "LSS SN-2009-0-00178"]
[Site "LSS email"]
[Date "2009.08.22"]
[Round "?"]
[White "Garcia, Sergio"]
[Black "Lanier, Jeff"]
[Result "1/2-1/2"]
[WhiteElo "764"]
[BlackElo "831"]
[PlyCount "124"]
[EventDate "2009.08.08"]
[EventType "tourn (corr)"]
[EventRounds "6"]
[EventCountry "GER"]
[SourceTitle "Telechess CBM 137"]
[Source "ChessBase"]
[SourceDate "2010.07.15"]
[SourceVersion "1"]
[SourceVersionDate "2010.07.15"]
[SourceQuality "1"]

1. e4 e5 2. Nf3 d6 3. d4 exd4 4. Bc4 h6 5. Qxd4 Nc6 6. Bb5 Bd7 7. Bxc6 Bxc6 8. Nc3 Nf6 9. h4 b6 10. Bf4 Nd7 11. 0-0-0 f6 12. g4 Nc5 13. Rhe1 Ne6 14. Qe3 Nxf4 15. Qxf4 Qd7 16. Nd4 0-0-0 17. Nxc6 Qxc6 18. f3 Be7 19. Rd5 g5 20. hxg5 hxg5 21. Qf5+ Qd7 22. Qxd7+ Rxd7 23. b4 Rh3 24. Re3 c6 25. Rdd3 Bd8 26. a4 Bc7 27. b5 c5 28. Nd5 Bd8 29. f4 Rh1+ 30. Rd1 Rxd1+ 31. Kxd1 gxf4 32. Nxf4 Rg7 33. Rg3 Bc7 34. c4 Kd7 35. Ke2 d5 36. exd5 Bxf4 37. Rh3 Kc7 38. Kf3 Be5 39. Rh4 Kb7 40. Ke4 a6 41. Kf5 Re7 42. d6 Bxd6 43. Kxf6 Re4 44. Rh7+ Ka8 45. g5 Rxc4 46. g6 Re4 47. g7 Be5+ 48. Kf5 Bxg7 49. Kxe4 Bd4 50. Kd5 axb5 51. axb5 Bc3 52. Kc6 Ba5 53. Rh4 Kb8 54. Kd5 Kc7 55. Rh7+ Kd8 56. Kd6 Kc8 57. Kc6 Kb8 58. Rg7 c4 59. Rg2 c3 60. Rf2 Ka7 61. Rg2 Kb8 62. Rf2 Ka7 1/2-1/2

[Event "LSS SN-2009-0-00177"]
[Site "LSS email"]
[Date "2009.08.22"]
[Round "?"]
[White "Kaupat, Heike"]
[Black "Lanier, Jeff"]
[Result "1-0"]
[WhiteElo "908"]
[BlackElo "909"]
[PlyCount "41"]
[EventDate "2009.08.02"]
[EventType "tourn (corr)"]
[EventRounds "6"]
[EventCountry "GER"]
[SourceTitle "Corr 2011"]
[Source "ChessBase"]
[SourceDate "2010.08.31"]
[SourceVersion "1"]
[SourceVersionDate "2010.08.31"]
[SourceQuality "1"]

1. d4 d5 2. c4 c6 3. cxd5 cxd5 4. Nc3 e6 5. Nf3 h6 6. Bf4 Bd6 7. Bxd6 Qxd6 8. e3 a6 9. Bd3 Nf6 10. 0-0 0-0 11. Rc1 Nc6 12. a3 Bd7 13. Re1 e5 14. dxe5 Nxe5 15. b4 Nxd3 16. Qxd3 Bc6 17. e4 Bb5 18. Nxb5 axb5 19. Qxb5 dxe4 20. Ne5 Rxa3 21. Nc4 1-0

[Event "LSS SN-2009-0-00175"]
[Site "LSS email"]
[Date "2009.08.14"]
[Round "?"]
[White "Lanier, Jeff"]
[Black "Pehl, Ferenc"]
[Result "0-1"]
[WhiteElo "909"]
[BlackElo "797"]
[PlyCount "78"]
[EventDate "2009.07.25"]
[EventType "tourn (corr)"]
[EventRounds "6"]
[EventCountry "GER"]
[SourceTitle "Corr 2011"]
[Source "ChessBase"]
[SourceDate "2010.08.31"]
[SourceVersion "1"]
[SourceVersionDate "2010.08.31"]
[SourceQuality "1"]

1. e4 e5 2. a3 Nf6 3. Nc3 d5 4. exd5 Nxd5 5. Nxd5 Qxd5 6. Qe2 Be6 7. d3 Nc6 8. h3 0-0-0 9. Qe4 Qxe4+ 10. dxe4 Bc5 11. Bd3 f6 12. Nf3 Nd4 13. Nxd4 Bxd4 14. 0-0 a6 15. Be2 Rd6 16. c3 Bb6 17. b4 g5 18. c4 Bd4 19. Ra2 Rhd8 20. Kh1 c5 21. Rd1 Bxf2 22. Rxd6 Rxd6 23. g4 cxb4 24. axb4 Bh4 25. Kg2 Rd4 26. Rc2 Rxe4 27. Bd3 Rd4 28. Bxh7 Rxc4 29. Rxc4+ Bxc4 30. Bd2 Bd5+ 31. Kf1 Kd7 32. Bf5+ Kc6 33. Bc8 Kb5 34. Bd7+ Kc4 35. Bc8 Kd3 36. Be1 Bxe1 37. Kxe1 Kc4 38. Kd2 Kxb4 39. Kd3 a5 0-1

[Event "LSS OP-2009-0-00915"]
[Site "LSS email"]
[Date "2009.08.08"]
[Round "?"]
[White "Senis, Enrico"]
[Black "Lanier, Jeff"]
[Result "1-0"]
[WhiteElo "1497"]
[BlackElo "831"]
[PlyCount "75"]
[EventDate "2009.08.01"]
[EventType "tourn (corr)"]
[EventRounds "4"]
[EventCountry "GER"]
[SourceTitle "Corr 2011"]
[Source "ChessBase"]
[SourceDate "2010.08.31"]
[SourceVersion "1"]
[SourceVersionDate "2010.08.31"]
[SourceQuality "1"]

1. e4 e5 2. Nf3 d6 3. d4 exd4 4. Nxd4 h6 5. Bc4 Be7 6. Nc3 Nf6 7. 0-0 Bg4 8. f3 Bh5 9. Nf5 0-0 10. Nd5 Nxd5 11. Qxd5 c6 12. Nxe7+ Qxe7 13. Qxh5 b5 14. Bb3 Kh7 15. a4 b4 16. Qf5+ g6 17. Qa5 Rc8 18. Qxb4 Na6 19. Qc4 Nc5 20. Qxf7+ Qxf7 21. Bxf7 Rd8 22. b4 Nd7 23. Bb3 a6 24. Bb2 Ne5 25. f4 Nd7 26. Rad1 Nf8 27. f5 g5 28. Rf3 Ra7 29. Rc3 Rc7 30. e5 Rcd7 31. Rxc6 dxe5 32. Rxd7+ Rxd7 33. c4 e4 34. Rc8 Rf7 35. c5 Rxf5 36. g4 Rf4 37. Rc7+ Kg6 38. Rg7# 1-0

[Event "LSS SF-2009-0-00033"]
[Site "LSS email"]
[Date "2009.08.06"]
[Round "?"]
[White "Sinygovsky, Vladimir"]
[Black "Lanier, Jeff"]
[Result "1-0"]
[WhiteElo "930"]
[BlackElo "909"]
[PlyCount "75"]
[EventDate "2009.05.18"]
[EventType "tourn (corr)"]
[EventRounds "6"]
[EventCountry "GER"]
[SourceTitle "Corr 2011"]
[Source "ChessBase"]
[SourceDate "2010.08.31"]
[SourceVersion "1"]
[SourceVersionDate "2010.08.31"]
[SourceQuality "1"]

1. a3 Nf6 2. d4 d5 3. Nf3 h6 4. Nc3 Nc6 5. Bf4 a6 6. h3 Bf5 7. e3 e6 8. Bd3 Bxd3 9. Qxd3 Bd6 10. Bxd6 Qxd6 11. 0-0-0 Nd7 12. e4 0-0-0 13. e5 Qe7 14. Na4 Na7 15. Kb1 f6 16. Nh4 fxe5 17. Ng6 Qf6 18. Nxh8 Rxh8 19. f3 Nc6 20. c3 exd4 21. cxd4 Rd8 22. Rhe1 e5 23. dxe5 Ndxe5 24. Qc2 d4 25. Nc5 Qd6 26. f4 d3 27. Qc3 Nf7 28. Rxd3 Qxf4 29. Rf3 Qd2 30. Qxd2 Rxd2 31. Rxf7 b6 32. Nxa6 Kb7 33. Nxc7 Rxg2 34. Re8 Na5 35. Ne6+ Kc6 36. Rd8 Nc4 37. Nd4+ Kc5 38. Rf5+ 1-0

[Event "LSS SF-2009-0-00033"]
[Site "LSS email"]
[Date "2009.07.29"]
[Round "?"]
[White "Bearce, Harold L"]
[Black "Lanier, Jeff"]
[Result "1-0"]
[WhiteElo "1002"]
[BlackElo "831"]
[PlyCount "123"]
[EventDate "2009.05.18"]
[EventType "tourn (corr)"]
[EventRounds "6"]
[EventCountry "GER"]
[SourceTitle "Corr 2011"]
[Source "ChessBase"]
[SourceDate "2010.08.31"]
[SourceVersion "1"]
[SourceVersionDate "2010.08.31"]
[SourceQuality "1"]

1. d4 d5 2. c4 c6 3. Nf3 h6 4. Nc3 Nf6 5. e3 Bg4 6. Be2 e6 7. c5 Be7 8. 0-0 Ne4 9. h3 Nxc3 10. bxc3 Bf5 11. Bd3 Bxd3 12. Qxd3 b6 13. cxb6 axb6 14. Bb2 0-0 15. Rfc1 Ba3 16. Bxa3 Rxa3 17. Rc2 b5 18. Rb2 Qa5 19. Ne5 Qxc3 20. Qxc3 Rxc3 21. a4 bxa4 22. Rxa4 Rd8 23. Ra8 c5 24. dxc5 Rxc5 25. Raxb8 Rdc8 26. Rxc8+ Rxc8 27. Rb7 f6 28. Ng6 Kh7 29. Nf4 Rc1+ 30. Kh2 e5 31. Ne6 Kg6 32. Rxg7+ Kf5 33. Nf8 Rc2 34. Kg3 d4 35. exd4 exd4 36. Rd7 Rd2 37. f3 Ke5 38. Ng6+ Ke6 39. Re7+ Kd6 40. Re1 d3 41. Nf4 f5 42. Nxd3 Rxd3 43. Kh4 f4 44. Kh5 Re3 45. Ra1 Re2 46. Ra6+ Ke5 47. Rg6 Kd4 48. Kxh6 Ke5 49. h4 Re1 50. Kg5 Rg1 51. Kh6 Kf5 52. h5 Rh1 53. Rg5+ Kf6 54. g3 fxg3 55. Rxg3 Rf1 56. Rg6+ Kf5 57. Kg7 Rxf3 58. h6 Ra3 59. h7 Ra7+ 60. Kh6 Ra8 61. Rg8 Ra6+ 62. Kh5 1-0

[Event "LSS SF-2009-0-00033"]
[Site "LSS email"]
[Date "2009.07.29"]
[Round "?"]
[White "Pietrzak, Wojciech"]
[Black "Lanier, Jeff"]
[Result "1-0"]
[WhiteElo "1126"]
[BlackElo "909"]
[PlyCount "33"]
[EventDate "2009.05.18"]
[EventType "tourn (corr)"]
[EventRounds "6"]
[EventCountry "GER"]
[SourceTitle "Corr 2011"]
[Source "ChessBase"]
[SourceDate "2010.08.31"]
[SourceVersion "1"]
[SourceVersionDate "2010.08.31"]
[SourceQuality "1"]

1. e4 e5 2. Nf3 d6 3. Bc4 h6 4. Nc3 Nf6 5. d4 exd4 6. Qxd4 Nc6 7. Qe3 Be7 8. Bd2 0-0 9. 0-0-0 Ne5 10. Nxe5 dxe5 11. Qg3 Bd6 12. Bxh6 Ng4 13. Bd2 Qf6 14. f3 Nh6 15. Nd5 Qg6 16. Ne7+ Bxe7 17. Qxg6 1-0

[Event "LSS RN-2009-0-00222"]
[Site "LSS email"]
[Date "2009.07.29"]
[Round "?"]
[White "Reede, Arvo"]
[Black "Lanier, Jeff"]
[Result "0-1"]
[WhiteElo "868"]
[BlackElo "909"]
[PlyCount "72"]
[EventDate "2009.06.22"]
[EventType "tourn (corr)"]
[EventRounds "6"]
[EventCountry "GER"]
[SourceTitle "Corr 2011"]
[Source "ChessBase"]
[SourceDate "2010.08.31"]
[SourceVersion "1"]
[SourceVersionDate "2010.08.31"]
[SourceQuality "1"]

1. d4 d5 2. c4 c6 3. Nf3 h6 4. e3 Nf6 5. Nc3 Bg4 6. Qb3 Bxf3 7. gxf3 b6 8. cxd5 Nxd5 9. Bc4 e6 10. e4 Nxc3 11. bxc3 Nd7 12. Be3 Be7 13. Rg1 g6 14. 0-0-0 Bf6 15. e5 Be7 16. Ba6 b5 17. a4 Rb8 18. axb5 cxb5 19. d5 exd5 20. Rxd5 Qa5 21. Bxb5 0-0 22. Qa4 Qxc3+ 23. Kd1 Nc5 24. Bxc5 Bxc5 25. Ke2 Qb2+ 26. Rd2 Qxe5+ 27. Kf1 Qxh2 28. Qc4 Rfc8 29. Rxg6+ Kf8 30. Rf6 Rb7 31. Qg4 Qh1+ 32. Ke2 Re7+ 33. Kd3 Qb1+ 34. Rc2 Qxb5+ 35. Qc4 Rd8+ 36. Kc3 Bd4+ 0-1

[Event "LSS RN-2009-0-00222"]
[Site "LSS email"]
[Date "2009.07.27"]
[Round "?"]
[White "Lanier, Jeff"]
[Black "Zimmermann, Jan Erik"]
[Result "0-1"]
[WhiteElo "909"]
[BlackElo "929"]
[PlyCount "116"]
[EventDate "2009.06.22"]
[EventType "tourn (corr)"]
[EventRounds "6"]
[EventCountry "GER"]
[SourceTitle "Corr 2011"]
[Source "ChessBase"]
[SourceDate "2010.08.31"]
[SourceVersion "1"]
[SourceVersionDate "2010.08.31"]
[SourceQuality "1"]

1. e4 d5 2. exd5 Qxd5 3. Nc3 Qa5 4. d3 Nf6 5. Bd2 c6 6. Nf3 Bg4 7. h3 Bxf3 8. Qxf3 Nbd7 9. a3 e6 10. Be2 Qd8 11. Bg5 Be7 12. 0-0 0-0 13. Ne4 Nxe4 14. Bxe7 Qxe7 15. Qxe4 Qf6 16. Qb4 Rab8 17. c3 Rfd8 18. d4 Nf8 19. Rad1 Ng6 20. g3 Qg5 21. Kh2 Qe7 22. Qxe7 Nxe7 23. Bf3 Rd6 24. b3 Rbd8 25. a4 Ng6 26. Rde1 b6 27. h4 c5 28. dxc5 bxc5 29. Re3 Ne7 30. Re5 Rc8 31. Rd1 Rxd1 32. Bxd1 Nd5 33. c4 Nc3 34. Bc2 h6 35. Re3 Na2 36. Re2 Nb4 37. Bb1 Kf8 38. Rd2 Ke7 39. f4 Rc6 40. f5 e5 41. g4 f6 42. g5 hxg5 43. hxg5 Rd6 44. Rxd6 Kxd6 45. gxf6 gxf6 46. Kh3 Nc6 47. Bc2 Nd4 48. Bb1 Nxb3 49. Kh4 Nd2 50. Bd3 e4 51. Be2 Ke5 52. Kg4 Nb1 53. Bd1 Nd2 54. Be2 Nb3 55. Bd1 Nd4 56. Kh5 Nxf5 57. Kg6 Ne3 58. Be2 f5 0-1

[Event "LSS SN-2009-0-00169"]
[Site "LSS email"]
[Date "2009.07.17"]
[Round "?"]
[White "Garcia, Sergio"]
[Black "Lanier, Jeff"]
[Result "0-1"]
[WhiteElo "780"]
[BlackElo "909"]
[PlyCount "66"]
[EventDate "2009.07.01"]
[EventType "tourn (corr)"]
[EventRounds "6"]
[EventCountry "GER"]
[SourceTitle "Corr 2011"]
[Source "ChessBase"]
[SourceDate "2010.08.31"]
[SourceVersion "1"]
[SourceVersionDate "2010.08.31"]
[SourceQuality "1"]

1. c4 e5 2. Nc3 Nc6 3. g3 Nf6 4. Bg2 d6 5. d3 h6 6. Nf3 Be7 7. 0-0 0-0 8. Be3 Bf5 9. a3 Re8 10. b4 a6 11. Rb1 e4 12. dxe4 Nxe4 13. Nxe4 Bxe4 14. Rc1 Bf6 15. Nd2 Bxg2 16. Kxg2 Bb2 17. Rb1 Bxa3 18. b5 Ne5 19. bxa6 b6 20. Qb3 Rxa6 21. Ra1 Qa8+ 22. f3 Bc5 23. Bxc5 Rxa1 24. Rxa1 Qxa1 25. e4 dxc5 26. f4 Ng4 27. e5 Rd8 28. Nf3 Qc1 29. Kh3 Nf2+ 30. Kg2 Rd3 31. Qa2 Qh1+ 32. Kxf2 Qxf3+ 33. Ke1 Re3+ 0-1

[Event "LSS SN-2009-0-00169"]
[Site "LSS email"]
[Date "2009.07.17"]
[Round "?"]
[White "Lanier, Jeff"]
[Black "Molina, Vicente Andres"]
[Result "1-0"]
[WhiteElo "909"]
[BlackElo "713"]
[PlyCount "49"]
[EventDate "2009.07.01"]
[EventType "tourn (corr)"]
[EventRounds "6"]
[EventCountry "GER"]
[SourceTitle "Corr 2011"]
[Source "ChessBase"]
[SourceDate "2010.08.31"]
[SourceVersion "1"]
[SourceVersionDate "2010.08.31"]
[SourceQuality "1"]

1. e4 c5 2. Nf3 d6 3. Bc4 e6 4. Nc3 a6 5. a3 Nc6 6. h3 Nf6 7. 0-0 Be7 8. Re1 0-0 9. d3 e5 10. Bg5 Be6 11. Bxe6 fxe6 12. Bh4 Nd4 13. Nh2 d5 14. exd5 exd5 15. Rxe5 Bd6 16. Bxf6 Qxf6 17. Rxd5 Qf4 18. Ng4 h5 19. Rxh5 Rae8 20. Rh4 Nf5 21. Nf6+ Rxf6 22. Rxf4 Bxf4 23. Nd5 Nd4 24. Nxf6+ gxf6 25. Qg4+ 1-0

[Event "LSS No Engine Cup Gr03 prel 04 email"]
[Site "LSS email"]
[Date "2009.07.16"]
[Round "?"]
[White "Lanier, Jeff"]
[Black "Kurowski, Andrzej"]
[Result "0-1"]
[WhiteElo "909"]
[BlackElo "2068"]
[PlyCount "72"]
[EventDate "2009.07.17"]
[EventType "tourn (corr)"]
[EventRounds "6"]
[EventCountry "GER"]
[SourceTitle "Telechess CBM 135"]
[Source "ChessBase"]
[SourceDate "2010.03.17"]
[SourceVersion "1"]
[SourceVersionDate "2010.03.17"]
[SourceQuality "1"]

1. e4 e6 2. Nf3 d5 3. exd5 exd5 4. d4 Bd6 5. h3 Ne7 6. a3 0-0 7. Be3 Nf5 8. Qd2 Nxe3 9. fxe3 Bg3+ 10. Kd1 Nd7 11. Nc3 Nf6 12. Kc1 Re8 13. Kb1 Qe7 14. Nd1 Bf5 15. Ka2 Ne4 16. Qc1 c5 17. Bb5 Rec8 18. Bd3 Bg6 19. Nd2 cxd4 20. exd4 Bf4 21. Bxe4 dxe4 22. Re1 e3 23. Nxe3 Bxe3 24. c3 f5 25. Qd1 Bf7+ 26. c4 Qg5 27. Re2 b5 28. Rb1 bxc4 29. Ka1 c3 30. Nf3 Qe7 31. b4 a5 32. Ne5 axb4 33. Nxf7 Rxa3+ 34. Ra2 Rxa2+ 35. Kxa2 Qa7+ 36. Kb3 c2 0-1

[Event "LSS No Engine Cup 03 Preliminary 4"]
[Site "LSS email"]
[Date "2009.07.16"]
[Round "?"]
[White "Preira Goncalves, Jorge"]
[Black "Lanier, Jeff"]
[Result "1-0"]
[WhiteElo "1713"]
[BlackElo "827"]
[PlyCount "29"]
[EventDate "2009.07.17"]
[EventType "tourn (corr)"]
[EventRounds "6"]
[EventCountry "GER"]
[SourceTitle "Corr 2015"]
[Source "ChessBase"]
[SourceDate "2015.07.17"]
[SourceVersion "1"]
[SourceVersionDate "2015.07.17"]
[SourceQuality "1"]

1. e4 e5 2. f4 d6 3. d3 Nc6 4. Nf3 Bg4 5. Be2 h6 6. 0-0 Nf6 7. Nc3 d5 8. fxe5 Bxf3 9. exf6 Bxe2 10. Qxe2 d4 11. fxg7 Bxg7 12. Nd5 Ne7 13. Qh5 Rf8 14. Bxh6 Bxh6 15. Nf6# 1-0

[Event "LSS SN-2009-0-00168"]
[Site "LSS email"]
[Date "2009.07.15"]
[Round "?"]
[White "Lanier, Jeff"]
[Black "Yehuda, Ben"]
[Result "1-0"]
[WhiteElo "827"]
[BlackElo "1607"]
[PlyCount "23"]
[EventDate "2009.06.26"]
[EventType "tourn (corr)"]
[EventRounds "6"]
[EventCountry "GER"]
[SourceTitle "Corr 2015"]
[Source "ChessBase"]
[SourceDate "2015.07.17"]
[SourceVersion "1"]
[SourceVersionDate "2015.07.17"]
[SourceQuality "1"]

1. e4 e6 2. Nf3 d5 3. exd5 exd5 4. d4 Nf6 5. a3 Bd6 6. Bd3 0-0 7. 0-0 Nc6 8. Nc3 Bg4 9. Be2 h6 10. h3 Bf5 11. Bd3 Qe7 12. Bxf5 1-0

[Event "LSS SN-2009-0-00168"]
[Site "LSS email"]
[Date "2009.07.15"]
[Round "?"]
[White "Sagi, Raju"]
[Black "Lanier, Jeff"]
[Result "0-1"]
[WhiteElo "323"]
[BlackElo "831"]
[PlyCount "106"]
[EventDate "2009.06.26"]
[EventType "tourn (corr)"]
[EventRounds "6"]
[EventCountry "GER"]
[SourceTitle "Corr 2011"]
[Source "ChessBase"]
[SourceDate "2010.08.31"]
[SourceVersion "1"]
[SourceVersionDate "2010.08.31"]
[SourceQuality "1"]

1. d4 d5 2. e3 Nf6 3. Nf3 a6 4. g3 Nc6 5. Bg2 Bf5 6. 0-0 h6 7. Nc3 e6 8. b3 Be7 9. a4 0-0 10. Ba3 Bxa3 11. Rxa3 Nb4 12. Nh4 Bxc2 13. Qd2 Bh7 14. Rc1 Nc6 15. Ne2 Ne4 16. Bxe4 Bxe4 17. Nc3 Bh7 18. b4 Nxb4 19. Na2 Nxa2 20. Rxa2 Qd7 21. a5 b6 22. Rc3 b5 23. Qc1 Rac8 24. Rac2 Bxc2 25. Qxc2 c6 26. Nf3 f6 27. h4 Qc7 28. Ra3 e5 29. Qc5 e4 30. Nd2 f5 31. Nb3 Rb8 32. Ra1 b4 33. Rf1 Rfc8 34. Kg2 Rb5 35. Qc1 Qf7 36. f4 g5 37. fxg5 hxg5 38. Rh1 gxh4 39. Rxh4 Qg6 40. Qh1 Kg7 41. Qh3 Rbb8 42. g4 Rh8 43. Kf2 Rxh4 44. Qxh4 Rh8 45. Qe7+ Qf7 46. Qxb4 fxg4+ 47. Ke2 Qf3+ 48. Kd2 Rh2+ 49. Kc1 Qxe3+ 50. Kb1 Qd3+ 51. Ka1 Qd1+ 52. Nc1 Qxc1+ 53. Qb1 Qa3+ 0-1

[Event "LSS OP-2009-0-00884"]
[Site "LSS email"]
[Date "2009.06.25"]
[Round "?"]
[White "Lanier, Jeff"]
[Black "Checa, Nicholas de T"]
[Result "1-0"]
[WhiteElo "827"]
[BlackElo "1286"]
[PlyCount "23"]
[EventDate "2009.06.19"]
[EventType "tourn (corr)"]
[EventRounds "4"]
[EventCountry "GER"]
[SourceTitle "Corr 2015"]
[Source "ChessBase"]
[SourceDate "2015.07.17"]
[SourceVersion "1"]
[SourceVersionDate "2015.07.17"]
[SourceQuality "1"]

1. e4 c5 2. Nc3 Nc6 3. Nf3 e5 4. a3 Nf6 5. Bc4 h6 6. h3 Nh5 7. Bb5 Qc7 8. Nd5 Qa5 9. Nxe5 Nxe5 10. Qxh5 Ng6 11. 0-0 b6 12. Nc7+ 1-0

[Event "LSS RN-2009-0-00219"]
[Site "LSS email"]
[Date "2009.06.23"]
[Round "?"]
[White "Lanier, Jeff"]
[Black "Goti, Javier"]
[Result "1-0"]
[WhiteElo "909"]
[BlackElo "935"]
[PlyCount "113"]
[EventDate "2009.06.06"]
[EventType "tourn (corr)"]
[EventRounds "6"]
[EventCountry "GER"]
[SourceTitle "Corr 2011"]
[Source "ChessBase"]
[SourceDate "2010.08.31"]
[SourceVersion "1"]
[SourceVersionDate "2010.08.31"]
[SourceQuality "1"]

1. e4 c5 2. Nf3 d6 3. h3 Nc6 4. a3 Nf6 5. Nc3 e6 6. Bb5 Be7 7. Bxc6+ bxc6 8. e5 Nd5 9. exd6 Qxd6 10. 0-0 Nxc3 11. dxc3 Qd5 12. Be3 Ba6 13. Re1 0-0 14. Qc1 Rfd8 15. b4 cxb4 16. cxb4 Bf6 17. Rb1 Qe4 18. Bxa7 Qf5 19. Bc5 Bc3 20. Rd1 Be2 21. Rxd8+ Rxd8 22. Qe3 Qxc2 23. Rc1 Rd1+ 24. Rxd1 Qxd1+ 25. Kh2 Bxf3 26. Qxc3 Bd5 27. Bd4 f6 28. Bc5 Qf1 29. f3 Qe2 30. a4 e5 31. Qe3 Qb2 32. Qf2 Qb1 33. a5 Qa1 34. Bb6 Qc3 35. Bc5 Bc4 36. Qe3 Bd3 37. f4 e4 38. Kg3 f5 39. Kh2 Qb2 40. Qe1 g5 41. Qg3 h6 42. fxg5 Qg7 43. Qb8+ Kh7 44. gxh6 Qxh6 45. Qc7+ Qg7 46. Qxc6 f4 47. a6 e3 48. a7 e2 49. Bf2 Qg3+ 50. Bxg3 fxg3+ 51. Kxg3 e1Q+ 52. Kh2 Qe5+ 53. g3 Be4 54. Qd7+ Kh6 55. Qd2+ Kg6 56. Qa2 Ba8 57. Qg8+ 1-0

[Event "LSS RN-2009-0-00218"]
[Site "LSS email"]
[Date "2009.06.23"]
[Round "?"]
[White "Reede, Arvo"]
[Black "Lanier, Jeff"]
[Result "1-0"]
[WhiteElo "868"]
[BlackElo "909"]
[PlyCount "117"]
[EventDate "2009.06.04"]
[EventType "tourn (corr)"]
[EventRounds "6"]
[EventCountry "GER"]
[SourceTitle "Corr 2011"]
[Source "ChessBase"]
[SourceDate "2010.08.31"]
[SourceVersion "1"]
[SourceVersionDate "2010.08.31"]
[SourceQuality "1"]

1. c4 e5 2. Nc3 Nf6 3. Nf3 Nc6 4. d3 h6 5. g3 Bc5 6. Bg2 a6 7. 0-0 d6 8. Nd5 Be6 9. Nxf6+ Qxf6 10. a3 Rb8 11. b4 Ba7 12. Bb2 0-0 13. Qc2 Nd4 14. Nxd4 Bxd4 15. Bxd4 exd4 16. c5 dxc5 17. Qxc5 c6 18. a4 Rbd8 19. b5 Bd5 20. bxa6 Bxg2 21. Kxg2 bxa6 22. Rfc1 Rc8 23. Qb6 Rfe8 24. Ra2 c5 25. Qxf6 gxf6 26. Rac2 Re5 27. f4 Rd5 28. Kf3 f5 29. h4 Kg7 30. h5 Kf6 31. a5 c4 32. Rxc4 Rxc4 33. Rxc4 Rxa5 34. Rxd4 Ke6 35. Rd8 Kf6 36. g4 fxg4+ 37. Kxg4 Ra1 38. Rd6+ Kg7 39. Kf5 a5 40. e4 a4 41. d4 a3 42. Ra6 a2 43. d5 Rh1 44. Rxa2 Rxh5+ 45. Kg4 Rh1 46. Rd2 Kf8 47. d6 Ke8 48. e5 Kd7 49. Kf5 Rf1 50. Rh2 f6 51. e6+ Kxd6 52. Rxh6 Ke7 53. Rh7+ Kd6 54. Rd7+ Kc6 55. Rd4 Kc5 56. e7 Kxd4 57. e8Q Rh1 58. Kxf6 Kc5 59. f5 1-0

[Event "LSS SN-2009-0-00163"]
[Site "LSS email"]
[Date "2009.06.19"]
[Round "?"]
[White "Jokmin, Alex"]
[Black "Lanier, Jeff"]
[Result "0-1"]
[WhiteElo "766"]
[BlackElo "909"]
[PlyCount "54"]
[EventDate "2009.06.10"]
[EventType "tourn (corr)"]
[EventRounds "6"]
[EventCountry "GER"]
[SourceTitle "Corr 2011"]
[Source "ChessBase"]
[SourceDate "2010.08.31"]
[SourceVersion "1"]
[SourceVersionDate "2010.08.31"]
[SourceQuality "1"]

1. d4 d5 2. c4 c6 3. cxd5 cxd5 4. Nf3 Nc6 5. Nc3 Nf6 6. Bg5 e6 7. Qc2 h6 8. Bh4 Be7 9. e4 0-0 10. e5 Nh7 11. Bxe7 Qxe7 12. Bd3 Ng5 13. Nxg5 Qxg5 14. 0-0 Nxd4 15. Qd1 Qxe5 16. Re1 Qg5 17. Rc1 b6 18. Bb1 Nf5 19. Qd3 Bb7 20. Nb5 a6 21. Nd6 Bc8 22. Nxc8 Rfxc8 23. Rxc8+ Rxc8 24. Qxa6 Rc1 25. Qe2 Nh4 26. g4 Rxe1+ 27. Qxe1 Nf3+ 0-1